Inkspell / (Record no. 266222)
[ view plain ]
| 000 -LEADER | |
|---|---|
| fixed length control field | 02084cam a22005054a 4500 |
| 001 - CONTROL NUMBER | |
| control field | 14182876 |
| 003 - CONTROL NUMBER IDENTIFIER | |
| control field | OSt |
| 005 - DATE AND TIME OF LATEST TRANSACTION | |
| control field | 20260422075656.0 |
| 008 - FIXED-LENGTH DATA ELEMENTS--GENERAL INFORMATION | |
| fixed length control field | 051129s2005 nyuab c 000 1 eng |
| 010 ## - LIBRARY OF CONGRESS CONTROL NUMBER | |
| LC control number | 2005034755 |
| 020 ## - INTERNATIONAL STANDARD BOOK NUMBER | |
| International Standard Book Number | 0439554004 |
| International Standard Book Number | 9780439554008 |
| 035 ## - SYSTEM CONTROL NUMBER | |
| System control number | 14182876 |
| System control number | (OCoLC)62679789 |
| 040 ## - CATALOGING SOURCE | |
| Original cataloging agency | DLC |
| Transcribing agency | DLC |
| Modifying agency | C#P |
| -- | BAKER |
| -- | DLC |
| 041 1# - LANGUAGE CODE | |
| Language code of text/sound track or separate title | eng |
| Language code of original and/or intermediate translations of text | ger |
| 042 ## - AUTHENTICATION CODE | |
| Authentication code | lcac |
| -- | pcc |
| -- | lcac |
| 050 00 - LIBRARY OF CONGRESS CALL NUMBER | |
| Classification number | PZ7.F96624 |
| Item number | Ins 2005 |
| 082 00 - DEWEY DECIMAL CLASSIFICATION NUMBER | |
| Classification number | [Fic] |
| Edition number | 22 |
| 100 1# - MAIN ENTRY--PERSONAL NAME | |
| Personal name | Funke, Cornelia, |
| Dates associated with a name | 1958- |
| 240 10 - UNIFORM TITLE | |
| Uniform title | <a href="Tintenblut.">Tintenblut.</a> |
| Language of a work | English |
| 245 10 - TITLE STATEMENT | |
| Title | Inkspell / |
| Statement of responsibility, etc | Cornelia Funke ; translated from the German by Anthea Bell. |
| 250 ## - EDITION STATEMENT | |
| Edition statement | 1st American ed. |
| 260 ## - PUBLICATION, DISTRIBUTION, ETC. (IMPRINT) | |
| Place of publication, distribution, etc | New York : |
| Name of publisher, distributor, etc | Chicken House/Scholastic, |
| Date of publication, distribution, etc | 2005. |
| 300 ## - PHYSICAL DESCRIPTION | |
| Extent | 635 p. : |
| Other physical details | ill., map ; |
| Dimensions | 21 cm. |
| 336 ## - CONTENT TYPE | |
| Content type term | text |
| Content type code | txt |
| Source | rdacontent |
| 337 ## - MEDIA TYPE | |
| Media type term | unmediated |
| Media type code | n |
| Source | rdamedia |
| 338 ## - CARRIER TYPE | |
| Carrier type term | volume |
| Carrier type code | nc |
| Source | rdacarrier |
| 500 ## - GENERAL NOTE | |
| General note | Sequel to Inkheart. |
| 520 ## - SUMMARY, ETC. | |
| Summary, etc | Now thirteen, Meggie "reads" herself into Inkworld, where she, her family, and the characters in the book face chaos and danger as the original creator of the world frantically tries to redirect the story. |
| 650 #1 - SUBJECT ADDED ENTRY--TOPICAL TERM | |
| Topical term or geographic name as entry element | Books and reading |
| Form subdivision | Fiction. |
| Topical term or geographic name as entry element | Authorship |
| Form subdivision | Fiction. |
| Topical term or geographic name as entry element | Characters in literature |
| Form subdivision | Fiction. |
| Topical term or geographic name as entry element | Bookbinding |
| Form subdivision | Fiction. |
| Topical term or geographic name as entry element | Magic |
| Form subdivision | Fiction. |
| 655 #7 - INDEX TERM--GENRE/FORM | |
| Genre/form data or focus term | Fiction. |
| Source of term | lcgft |
| Authority record control number | https://id.loc.gov/authorities/genreForms/gf2014026339 |
| 700 1# - ADDED ENTRY--PERSONAL NAME | |
| Personal name | Bell, Anthea. |
| 856 41 - ELECTRONIC LOCATION AND ACCESS | |
| Materials specified | Table of contents only |
| Uniform Resource Identifier | <a href="http://www.loc.gov/catdir/toc/ecip065/2005034755.html">http://www.loc.gov/catdir/toc/ecip065/2005034755.html</a> |
| Materials specified | Publisher description |
| Uniform Resource Identifier | <a href="http://www.loc.gov/catdir/enhancements/fy1115/2005034755-d.html">http://www.loc.gov/catdir/enhancements/fy1115/2005034755-d.html</a> |
| Materials specified | Contributor biographical information |
| Uniform Resource Identifier | <a href="http://www.loc.gov/catdir/enhancements/fy1301/2005034755-b.html">http://www.loc.gov/catdir/enhancements/fy1301/2005034755-b.html</a> |
| 906 ## - LOCAL DATA ELEMENT F, LDF (RLIN) | |
| a | 7 |
| b | cbc |
| c | orignew |
| d | 1 |
| e | ecip |
| f | 20 |
| g | y-gencatlg |
| 942 ## - ADDED ENTRY ELEMENTS (KOHA) | |
| Source of classification or shelving scheme | Library of Congress Classification |
| Koha item type | Long Loan Books |
| Withdrawn status | Lost status | Source of classification or shelving scheme | Damaged status | Not for loan | Collection code | Home library | Current library | Shelving location | Date acquired | Total Checkouts | Full call number | Barcode | Date last seen | Price effective from | Koha item type |
|---|---|---|---|---|---|---|---|---|---|---|---|---|---|---|---|
| Library of Congress Classification | Fiction | Rongo University Library | Rongo University Library | Children's Area | 22/04/2026 | PZ7.F96624 Ins 2005 | CL20250248 | 22/04/2026 | 22/04/2026 | Long Loan Books |
